| 000 | 00554nam a2200169 4500 | ||
|---|---|---|---|
| 001 | 18709 | ||
| 005 | 20230410120926.0 | ||
| 008 | 060907n2000 dr spa | ||
| 020 | _a9189098579 | ||
| 035 | _9funglode18859 | ||
| 041 | _aEN | ||
| 050 | 1 | 4 | _aJC 423 A244 2000 |
| 245 | 0 |
_aAdvancing democracy in Slovakia through local self-governance : _blessons learned from other european countries |
|
| 260 |
_aNew York : _bInternational Institute for Democracy and Electoral Assistance - IDEA, _c2000 |
||
| 300 | _axiv, 108 p. | ||
| 942 |
_2lcc _cbk |
||
| 999 |
_c54562 _d54562 |
||